| 000 | 00702nam a2200229Ia 4500 | ||
|---|---|---|---|
| 003 | IN-BaIIA | ||
| 008 | 211028s9999 xx 000 0 eng d | ||
| 040 | _cIIA Library | ||
| 080 |
_a535.33 _bBEA |
||
| 100 |
_aBeaven, G. H. _93764 |
||
| 245 | 0 |
_aMolecular spectroscopy _bmethods and applications in chemistry _cG. H. Beaven…[et al.] |
|
| 260 |
_aLondon _bHeywood _c1961 |
||
| 300 | _aviii,336p. | ||
| 490 | _aPhysical Processes in the Chemical Industry; v. vii | ||
| 650 |
_aAbsorption Spectra _93765 |
||
| 650 | _aMolecular Spectroscopy | ||
| 650 | _aNASA Thesaurus | ||
| 700 |
_aJohnson, E. A. _93766 |
||
| 700 |
_aMiller, R. G. J. _93767 |
||
| 700 |
_aWillis, H. A. _93768 |
||
| 942 | _cBK | ||
| 999 |
_c1995 _d1995 |
||